000 00339nam a22001457a 4500
999 _c6437
_d6435
005 20210831150440.0
008 200522b xxu||||| |||| 00| 0 eng d
041 _aeng
082 _a340
245 _aThe suprem court rules,2013
260 _aDelhi
_bProfessional Book Publishers
300 _a172p.
650 _aLaw
_95701
942 _cBK